Klasztor : opowiadanie /
Kaydedildi:
| Yazar: | |
|---|---|
| Diğer Yazarlar: | , |
| Materyal Türü: | Kitap |
| Dil: | Lehçe |
| Baskı/Yayın Bilgisi: |
Warszawa :
Ludowa Spółdzielnia Wydawnicza,
1986.
|
| Seri Bilgileri: | Kraszewski, Józef Ignacy (1812-1887). Dzieła
|
| Konular: | |
| Etiketler: |
Etiket eklenmemiş, İlk siz ekleyin!
|
MARC
| LEADER | 00000nam a2200000 i 4500 | ||
|---|---|---|---|
| 001 | 9913350593505606 | ||
| 005 | 20260515140226.0 | ||
| 008 | 090916s1995 pl# 00 pol | ||
| 020 | |a 8320537223 | ||
| 035 | |a GDYM47464-48omnis_network | ||
| 035 | |a (PL)b0001270030927 | ||
| 040 | |a MBPG |c MBPG | ||
| 041 | 0 | |a pol | |
| 080 | |a 821.162.1-3 | ||
| 090 | |c 59 |d 58 | ||
| 100 | 1 | |a Kraszewski, Józef Ignacy |d (1812-1887) | |
| 245 | |a Klasztor : |b opowiadanie / |c Józef Ignacy Kraszewski ; [do dr. przygot. i przypisami opatrzyła Bogumiła Małek]. | ||
| 260 | |a Warszawa : |b Ludowa Spółdzielnia Wydawnicza, |c 1986. | ||
| 300 | |a 140, [4] s. ; |c 21 cm. | ||
| 650 | 7 | |a Opowiadanie polskie |y 19 w. | |
| 700 | 1 | |a Małek, Bogumiła |e Opracowanie | |
| 700 | 1 | |a Hernas, Czesław |d (1928-2003) |e Redakcja | |
| 800 | 1 | |a Kraszewski, Józef Ignacy |d (1812-1887). |t Dzieła | |
| 920 | |a 83-205-3722-3. | ||
| 942 | |c K | ||
| 952 | |0 0 |1 0 |4 0 |6 R__37_000000000000000 |7 0 |9 57 |a RYT |b RYT |d 2026-03-17 |e 1/2026 |g 10.00 |l 0 |o R.37 |p 2000000000374 |r 2026-05-15 14:02:26 |w 2026-05-15 |y BK |z da | ||
| 999 | |c 57 |d 57 | ||